000 00738nam a22002177a 4500
003 UA-OsUOA
001 108366
007 ta
008 20141020b un ||||| |||| 00| 0 ukr d
100 _aЛебідь Н.
090 _a32
_bЛ33
942 _cSA
040 _aUA-OsUOA
_bukr
_cUA-OsUOA
_dUA-OsUOA
245 _aХоч воюй - хоч не воюй, все одно здобудеш...відставку. Президент звільнив Гелетея. Новий міністр оборони буде п'ятим з початку року і четвертим при новій владі
300 _aС.4
955 _a0
041 _aukr
080 _a32
773 0 _w108365
650 7 _a32 Політика
_2UDC
999 _c394347
_d394347